000 00305nam a22001217a 4500
020 _a9788126522880
082 _222
_a629.8
100 _aRamachandra, K.P.
245 _aControl engineering /
260 _aNew Delhi,
_bWiley and Sons,
_cc2011.
300 _axiii, 562p. ;
_bill. ;
_c23 cm.
942 _2ddc
_cEE
_010
999 _c244
_d244